000 00436nam a2200193Ia 4500
005 20240823020441.0
008 240823s9999||||xx |||||||||||||| ||und||
020 _a81-7866-001-6
041 _aENGLISH
082 _A344.01 P0
100 _aReshma Arora
245 0 _aLabour Law
250 _a1st
260 _c2000
_b"Himalya,M"
_aMumbai
500 _aYES
650 _aLaw
_bManagement Studies
942 _cBK
999 _c174782
_d174782